Prírodné minerálne vody

Z obsahu: Slovensko má hodnotné zdroje prírodných minerálnych vôd, nevie ich však optimálne využívať. Nový zákon ovplyvní využívanie zdrojov prírodných liečivých a stolových minerálnych vôd. Kvalitu minerálnych vôd v mnohých prípadoch znižuje zastarané zariadenie a slabá hygiena. Slovenskí výrobcovi...

Full description

Saved in:
Bibliographic Details
Main Author: Začková, Katarína
Format: Book Chapter
Language:Slovak
Subjects:
Tags: Add Tag
No Tags, Be the first to tag this record!

MARC

LEADER 00000naa a2200000 4500
001 r043728
005 20230921112211.6
041 0 |a slo 
044 |a SK 
245 1 0 |a Prírodné minerálne vody  |c Katarína Začková 
520 |a Z obsahu: Slovensko má hodnotné zdroje prírodných minerálnych vôd, nevie ich však optimálne využívať. Nový zákon ovplyvní využívanie zdrojov prírodných liečivých a stolových minerálnych vôd. Kvalitu minerálnych vôd v mnohých prípadoch znižuje zastarané zariadenie a slabá hygiena. Slovenskí výrobcovia sa cítia oproti konkurencii spoza hraníc znevýhodnení. 
610 2 0 |a voda minerálna 
610 2 0 |a kvalita vody 
610 2 0 |a hygiena 
610 2 0 |a konkurencia 
610 2 0 |a zákony 
610 2 0 |a Slovensko 
100 1 |a Začková, Katarína